Здравна икономика (Запис номер 95989)
[ съкратено ]
| 000 -Лидер | |
|---|---|
| Контролно поле с фиксирана дължина | 02048nam a2200397 c 4500 |
| 003 - Код на организацията, давaща контролен номер | |
| Контролно поле | BLK |
| 005 - Дата и час на последна редакция | |
| Контролно поле | 20201126115116.0 |
| 008 - Елементи от данни с фиксирана дължина | |
| fixed length control field | 180409b bul|||||r ||||||| ||bul|| |
| 010 ## - Наследен системен номер | |
| LC control number | KNG00100872000 |
| 020 ## - Международен стандартен номер на книга ISBN | |
| Международен стандартен номер на книга ISBN | 954-90886-2-6 |
| -- | издат.: Stovi |
| 040 ## - Източник на каталожния запис | |
| Идентификатор на билиотеката - собственик на записа | BLK |
| 041 ## - Код за език | |
| Код за езика на текст/звукозапис или на отделно заглавие | Български |
| Код за езика КДБФ | Български |
| 080 ## - УДК | |
| Текстов определител УДК | Организация на здравеопазването. Вж и 178; 340.6; 351.77; 361/362 |
| УДК код - определител по УДК | 614.2 |
| УДК определител | |
| УДК - код + определител | 614.2 |
| 080 ## - УДК | |
| Текстов определител УДК | Социално осигуряване при болест |
| УДК код - определител по УДК | 368.42 |
| УДК определител | |
| УДК - код + определител | 368.42 |
| 139 ## - Редно поле | |
| Редна дума | Здравна икономика |
| Авторски знак | Зд - З 50 |
| 245 10 - Сведения за заглавието | |
| Заглавие | Здравна икономика |
| Подзаглавни данни | Сборник |
| Редно поле (дума) | състав. Алън Уилямс; предг. от Алън Уилямс; предг. от Нирмала Рагбир Дей; прев. от англ. Димитър Кромичев; прев. от англ. Петко Салчев. |
| 257 ## - Страна на издаване | |
| Страна на създаване/издаване | Великобритания |
| 260 ## - Област на издателските данни | |
| -- | Пловдив |
| Име на издателя, разпространителя и проч. | Stovi |
| Година на издаване | 2001 |
| Печатница | Пловдив : Полиграфия |
| 300 ## - Физическа характеристика | |
| Страници | 576 с. |
| Илюстрации и др. | с табл., сх. |
| Размери/Мащаб | 21 см |
| 380 ## - Жанр | |
| Жанр | Медицина |
| 500 ## - Общи забележки | |
| Забележка | Други състав : М. Михайлова, Н. Рагбир Дей. - Кн. е съвместно изд. на бълг и англ. авт. - Съдържа и Glossary of Common health economists. - Библиогр. след отд. части. |
| 650 #4 - Допълнително описание по предмет – тема | |
| Основно описание – тема или топоним | Здравеопазване - организация и управление |
| 9 (RLIN) | 253867 |
| 650 #4 - Допълнително описание по предмет – тема | |
| Основно описание – тема или топоним | Здравно осигуряване |
| 9 (RLIN) | 296833 |
| 653 ## - Ключова дума – ненормативна | |
| Ключова дума | здравна икономика |
| 653 ## - Ключова дума – ненормативна | |
| Ключова дума | здравеопазване |
| 700 1# - Други автори (авторска отговорност) | |
| Лично име | Уилямс, Алън |
| Автороска отговорност (Описва отношението между автора и произведението) | състав. |
| 9 (RLIN) | 374165 |
| 700 1# - Други автори (авторска отговорност) | |
| Лично име | Уилямс, Алън |
| Автороска отговорност (Описва отношението между автора и произведението) | предг. от |
| 9 (RLIN) | 374165 |
| 700 1# - Други автори (авторска отговорност) | |
| Лично име | Дей, Нирмала Рагбир |
| Автороска отговорност (Описва отношението между автора и произведението) | предг. от |
| 9 (RLIN) | 306604 |
| 700 1# - Други автори (авторска отговорност) | |
| Лично име | Кромичев, Димитър |
| Автороска отговорност (Описва отношението между автора и произведението) | прев. от англ. |
| 9 (RLIN) | 84323 |
| 700 1# - Други автори (авторска отговорност) | |
| Лично име | Салчев, Петко |
| Автороска отговорност (Описва отношението между автора и произведението) | прев. от англ. |
| 9 (RLIN) | 306605 |
| 852 ## - Местоположение | |
| Форматна сигнатура | Цб 211156 |
| 856 4# - Електронен адрес и достъп | |
| Електронен формат | pdf - файл |
| Път до файла /url/ | |
| 856 4# - Електронен адрес и достъп | |
| Електронен формат | pdf - файл |
| Път до файла /url/ | |
| 942 ## - АРТИКУЛИ | |
| Вид на библиотечния материал | Книги |
| Скрит в OPAC | Не |
| Koha issues (borrowed), all copies | 2 |
| 944 ## - СЪЗДАВАНЕ И РЕДАКЦИЯ на ЗАПИСА | |
| Създаване/Редакция | Създаване |
| Дата на регистрацията/редакция | 01.01.2001 |
| Служител, извършил регистрацията/редакцията | Теодора_Стоянова |
| 944 ## - СЪЗДАВАНЕ И РЕДАКЦИЯ на ЗАПИСА | |
| Създаване/Редакция | Редакция |
| Дата на регистрацията/редакция | 24.07.2014 |
| Служител, извършил регистрацията/редакцията | |
| 999 ## - СИСТЕМНИ КОНТРОЛНИ НОМЕРА | |
| Koha biblionumber | 95989 |
| Koha biblioitemnumber | 95989 |
| Код за отписване | Код за изгубен артикул | Код за повреда | Коз за рестрикции | Код за отдаване | Артикулен № | Име на библиотеката - собственик | Име на библиотеката, в която се намира в момента | Статус (Текущо местоположение) | Дата на вписване в системата | Местоположение - отдел | Цена в лева | Инвентарен номер | Систематично азбучна сигнатура | Баркод | Номер на екземпляра | Цена в евро | Служебна бележка | Служебен тип на артикула |
|---|---|---|---|---|---|---|---|---|---|---|---|---|---|---|---|---|---|---|
| Не е изгубен | Не е повреден | без рестрикции | заемане за дома | 154056 | Регионална библиотека "Любен Каравелов" Русе | Регионална библиотека "Любен Каравелов" Русе | Заемна - подръчен фонд | 2002-04-03 | Заемна - подръчен фонд | 0.01 | 120000669313 | П 614.2/З 50 | 120000669313 | 1 | 0.01 | Дост: DA Вид: А N: 10 Дата: 03.04.2002 Дата инв: 02.02.2018 Бележки инв: П2018 | Книги | |
| Не е изгубен | Не е повреден | без рестрикции | ползва се в читалня | 154057 | Регионална библиотека "Любен Каравелов" Русе | Регионална библиотека "Любен Каравелов" Русе | Читалня | 2002-04-03 | Читалня | 0.01 | 120000669314 | Ч 614/З 50 | 120000669314 | 2 | 0.01 | Дост: DA Вид: А N: 10 Дата: 03.04.2002 Дата инв: 17.03.2017 Бележки инв: Ч2017 | Книги | |
| Не е изгубен | Не е повреден | без рестрикции | ползва се в читалня | 154058 | Регионална библиотека "Любен Каравелов" Русе | Регионална библиотека "Любен Каравелов" Русе | Хранилище | 2003-02-10 | Хранилище | 0.00 | 120000674655 | Цб 211156 | 120000674655 | 3 | 0.00 | Дост: Dp Вид: Д N: 19 Дата: 24.04.2002 | Книги |